000 00327 a2200157 4500
001 61123
020 _a8526236199
040 _cAnchieta - Pituba
100 _aRubin, Sarah Giersztel
240 1 0 _aInglês
_lIng
245 1 0 _aInglês
300 _a208
362 0 _a2000
650 4 _aInglês e inglês antigo
942 _cBK
999 _c61123
_d61123